000 00300nam a2200133Ia 4500
008 150301s2015 xx 000 0 und d
082 _a615.1
_bM15S
100 _aSUPRIMA
245 _aMEDICAL HANDBOOK ON STATIN
260 _bLOPRICAR
300 _a176
650 _aPHARMACEUTICS
942 _2ddc
_cBK
999 _c7371
_d7371